Členské státy EU: Rakousko

Stručný historicko-ekonomický pohľad na Rakúsko. Základné ekonomické ukazovatele rakúskej ekonomiky. Prognózy vývoja na obdobie 2000-2001.

Salvato in:
Dettagli Bibliografici
Autore principale: Lukáš, Zdeněk
Natura: Capitolo di libro
Lingua:ceco
Soggetti:
Tags: Aggiungi Tag
Nessun Tag, puoi essere il primo ad aggiungerne!!

MARC

LEADER 00000naa a2200000 4500
001 r037658
005 20230920100805.9
041 0 |a cze 
044 |a CZ 
245 1 0 |a Členské státy EU: Rakousko  |c Zdeněk Lukáš 
520 |a Stručný historicko-ekonomický pohľad na Rakúsko. Základné ekonomické ukazovatele rakúskej ekonomiky. Prognózy vývoja na obdobie 2000-2001. 
610 2 0 |a Rakúsko 
610 2 0 |a vývoj hospodársky 
610 2 0 |a história 
610 2 0 |a ukazovatele ekonomické 
610 2 0 |a politika hospodárska 
610 2 0 |a politika hospodárska medzinárodná 
610 2 0 |a Európska únia 
100 1 |a Lukáš, Zdeněk